| 000 | 00541nam a2200205Ia 4500 | ||
|---|---|---|---|
| 003 | OSt | ||
| 005 | 20230509150800.0 | ||
| 008 | 210423s1995 xx 000 0 und d | ||
| 040 | _cAL | ||
| 041 | _aeng | ||
| 082 |
_a150 _223 _bABRI |
||
| 100 |
_aABRAHAM (P J);PARANGIMAHIL _9101336 |
||
| 245 | _aImages for human wholeness | ||
| 260 |
_aBangalore _bPangaya Publishing _c1995 |
||
| 365 |
_b51 _cINR |
||
| 650 |
_aPhilosophy & Theory _9101337 |
||
| 650 |
_aPsychology _9101338 |
||
| 906 | _ahuman ; Images ; wholeness | ||
| 942 |
_2ddc _cBK |
||
| 999 |
_c171573 _d171573 |
||